Los Poetas ante la eucaristia : aspectos literarios del XXXV Congreso Eucarístico Internacional de Barcelona / aspectos literarios del XXXV Congreso Eucarístico Internacional de Barcelona /
Descripción Física:
Il·lustracions
Colección:
San Jorge,
; núm. 6 (abril 1952), pàg 17-22
Materias:
Congrés Eucarístic Internacional -- (35è : -- 1952 : -- Barcelona, Catalunya)
; Eucaristia -- Congressos
; Religió -- Poesia
Idioma:
Español
MARC
| LEADER | 00000naa a2200000 a 4500 | ||
|---|---|---|---|
| 003 | Arxiu | ||
| 005 | 20260324181044.0 | ||
| 008 | 160829s1952 spcaxx spa c | ||
| 040 | |a agdb | ||
| 100 | 1 | |a Saltor, Octavi, |d 1902-1982 |9 29621 | |
| 245 | 1 | 3 | |a Los Poetas ante la eucaristia : |b aspectos literarios del XXXV Congreso Eucarístico Internacional de Barcelona / |c por Octavio Saltor |
| 300 | |b Il·lustracions | ||
| 490 | |a San Jorge, |v núm. 6 (abril 1952), pàg 17-22 | ||
| 611 | 0 | |a Congrés Eucarístic Internacional |n (35è : |d 1952 : |c Barcelona, Catalunya) |9 54589 | |
| 650 | |a Eucaristia |x Congressos |9 29417 | ||
| 650 | 0 | |a Religió |x Poesia |9 54687 | |
| 773 | |g Núm. 6 (abril 1952), pàg 17-22 |t San Jorge. | ||
| 901 | |a Arxiu | ||
| 942 | |n 1 |2 udc |c ART | ||
| 952 | |0 0 |1 0 |4 0 |6 REV508 |7 1 |9 64638 |a Arxiu |b Arxiu |d 2022-12-02 |l 0 |o Rev-508 |r 2022-12-02 00:00:00 |w 2022-12-02 |y ARXIU |z També disponible a Rev-521 | ||
| 999 | |c 50043 |d 50043 | ||